| 000 | 00462nam a2200181Ia 4500 | ||
|---|---|---|---|
| 008 | 230711s9999||||xx |||||||||||||| ||und|| | ||
| 020 | _a978-81-224-3080-6 | ||
| 041 | _aENG | ||
| 082 |
_a620.112 _bGH-S |
||
| 100 | _aGhosh,D | ||
| 245 | 2 | _aA textbook of strength of materials | |
| 250 | _a1st Ed. | ||
| 260 |
_c2015 _aNew Delhi _bNew Age International Publishers |
||
| 300 | _a630p. | ||
| 650 | _aMechanical Engineering | ||
| 700 | _aDatta,A.K | ||
| 942 | _cBK | ||
| 999 |
_c6109 _d6109 |
||